| 000 | 00568nam a2200193 a 4500 | ||
|---|---|---|---|
| 005 | 20240911064018.0 | ||
| 008 | 991125s1992 mx 000 0 spa u | ||
| 020 | _a9688232351 | ||
| 035 | _aUPN01000005883 | ||
| 049 | _aSEP | ||
| 050 | 4 |
_aTP248 _bB36 |
|
| 245 | 0 | 0 |
_aBiotecnología hoy / _ccomp. Jaime Alvarez de la Cuadra Jacobs. |
| 260 |
_aMéxico : _bCIATEJ : _bCONACYT, _c1992. |
||
| 300 | _a172 p. | ||
| 440 | 0 | _aMéxico en la ciencia y la tecnología | |
| 650 | 2 |
_aBiotecnología _95161 |
|
| 700 | 1 |
_aAlvarez de la Cuadra Jacobs, Jaime, _ecomp. |
|
| 905 | _aLibro | ||
| 999 |
_c5883 _d5883 |
||